Statistiche per Grandi artisti del '600

Clicka qui per fare il quiz!

Statistiche generali

  • Questo quiz è stato fatto 68 volte
  • Il punteggio medio è 5 su 14

Statistiche sulle risposte

Risposta% Corretto
Michelangelo Merisi "Caravaggio"
96%
Giovanni Lorenzo Bernini
82%
Jan Vermeer
76%
Diego Velasquez
60%
Rembrandt Harmenszoon van Rijn
58%
Francesco Borromini
44%
El Greco
24%
Annibale Carracci
22%
Pieter Paul Rubens
18%
Antoon Van Dyck
11%
Pieter Bruegel il Giovane
11%
Nicolas Poussin
9%
Bartolomé Esteban Murillo
4%
Salvator Rosa
4%

Distribuzione punteggi

Percentile per numero di risposta

Percentuale di utenti per punteggio

I tuoi punteggi nel tempo

Non hai fatto questo quiz